| 000 | 00371cam a22001337a 4500 | ||
|---|---|---|---|
| 008 | 180718b1965 xxu||||| |||| 00| 0 eng d | ||
| 082 | _aQ9333x42 H761 | ||
| 100 | _aHood, Roger | ||
| 245 |
_aBorstal re-assessed _cby Roger Hood |
||
| 260 |
_aLondon _bHeinemann _c1965 |
||
| 300 | _a244p. | ||
| 650 | _aJuvenile Delinquency - U.K. | ||
| 650 | _aReformatories, Juvenile - U.K. | ||
| 999 |
_c368581 _d368581 |
||